[Event "Duflex Cup IM 2011"]
[Site "Frydek Mistek CZE"]
[Date "2011.04.21"]
[Round "3"]
[White "Jurek,J"]
[Black "Obrusnik,M"]
[Result "1/2-1/2"]
[WhiteElo "2338"]
[BlackElo "2192"]

1.Nf3 Nf6 2.c4 g6 3.d4 Bg7 4.g3 O-O 5.Bg2 d6 6.Nc3 Nc6 7.O-O a6 8.d5 Na5
9.Nd2 c5 10.Qc2 Rb8 11.b3 b5 12.Bb2 e5 13.dxe6 fxe6 14.cxb5 axb5 15.Nce4 Nxe4
16.Nxe4 Bxb2 17.Qxb2 Bb7 18.Qc2 Bxe4 19.Bxe4 Qe7 20.Rad1 d5 21.Bxg6 hxg6
22.Qxg6+ Kh8 23.Qh6+ Kg8 24.Qg6+ Kh8 25.Qh6+  1/2-1/2

[Event "9th V Nabokov GM"]
[Site "Kyiv UKR"]
[Date "2011.04.21"]
[Round "4.3"]
[White "Baryshpolets,A"]
[Black "Gorovets,A"]
[Result "1/2-1/2"]
[WhiteElo "2480"]
[BlackElo "2422"]

1.d4 Nf6 2.c4 g6 3.Nf3 Bg7 4.g3 O-O 5.Bg2 d6 6.O-O c6 7.Nc3 Qb6 8.h3 Qa6
9.b3 b5 10.Nd2 Bb7 11.Bb2 Nbd7 12.e4 bxc4 13.Nxc4 d5 14.Ne5 e6 15.Qc2 Rac8
16.Na4 dxe4 17.Nxd7 Nxd7 18.Qxe4 Rc7 19.Qf4 Rfc8 20.Rfd1 c5 21.Bxb7 Qxb7
22.dxc5 Nxc5 23.Rac1 e5 24.Bxe5 Bxe5 25.Qxe5 Nxa4 26.Rxc7 Qxc7  1/2-1/2

[Event "Joao Braga Open"]
[Site "Sao Paolo BRA"]
[Date "2011.04.21"]
[Round "2.9"]
[White "Molina,Rob"]
[Black "De Oliveira,Aquiles Machado"]
[Result "1-0"]
[WhiteElo "2428"]
[BlackElo "2059"]

1.d4 Nf6 2.c4 g6 3.g3 Bg7 4.Bg2 O-O 5.Nf3 d6 6.O-O Nbd7 7.Nc3 e5 8.b3 Re8
9.e4 exd4 10.Nxd4 Nc5 11.Re1 a5 12.h3 c6 13.Rb1 Qb6 14.Bb2 Nfd7 15.Ba1 Ne5
16.Re3 a4 17.Nce2 axb3 18.axb3 f6 19.Nc2 Ne6 20.Kh2 Bh6 21.f4 Ra2 22.c5 dxc5
23.fxe5 Rxc2 24.Rd3 Ra2 25.exf6 Qc7 26.e5 Ng5 27.h4 Nf7 28.Nc3 Ra8 29.Ne4 Nxe5
30.Bxe5 Rxe5 31.f7+ Kxf7 32.Nd6+ Kg7 33.Nxc8 Qxc8 34.Rd7+  1-0

[Event "Duflex Cup IM 2011"]
[Site "Frydek Mistek CZE"]
[Date "2011.04.22"]
[Round "5"]
[White "Jurek,J"]
[Black "Jedlicka,A"]
[Result "1-0"]
[WhiteElo "2338"]
[BlackElo "2253"]

1.Nf3 Nf6 2.c4 g6 3.d4 Bg7 4.g3 O-O 5.Bg2 d6 6.Nc3 Nbd7 7.O-O e5 8.e4 a6
9.Re1 exd4 10.Nxd4 Ne5 11.b3 c5 12.Nc2 Rb8 13.h3 Nc6 14.a4 Ne8 15.Bb2 Nc7
16.Rb1 b5 17.axb5 axb5 18.cxb5 Nxb5 19.Nxb5 Bxb2 20.Rxb2 Rxb5 21.Qd3 Rb6
22.Qc3 Ba6 23.Rd1 Qb8 24.Kh2 Nb4 25.Ne3 h5 26.Rbd2 Qc7 27.e5 dxe5 28.Rd7 Qc8
29.Qxe5 Re6 30.Qg5 Bb5 31.Rd8 Qc7 32.Nf5 Ree8 33.Rxe8 Rxe8 34.Nd6 Rb8 35.Ne4 Nd3
36.Nf6+ Kg7 37.Nxh5+ Kh7 38.Nf6+ Kg7 39.Ne4 Rb6 40.Qe3 Ne5 41.Nxc5 Bc6 42.Ne4 Bxe4
43.Bxe4 Rf6 44.Kg2 Nd7 45.Qd4 Nf8 46.Bd5 Qb6 47.Qxb6 Rxb6 48.Bc4 Kf6 49.Ra1 Rb7
50.Ra6+ Ke7 51.Bd5 Rc7 52.b4 Nd7 53.b5  1-0

[Event "1st CHN-w Masters"]
[Site "Jiangsu Wuxi CHN"]
[Date "2011.04.22"]
[Round "6"]
[White "Huang Qian"]
[Black "Ju Wenjun"]
[Result "1/2-1/2"]
[WhiteElo "2394"]
[BlackElo "2519"]

1.d4 Nf6 2.c4 g6 3.g3 Bg7 4.Bg2 O-O 5.Nf3 d6 6.Nc3 c6 7.O-O Qa5 8.e4 e5 9.h3 Nbd7
10.Re1 exd4 11.Nxd4 Ne5 12.Bf1 Qb6 13.Nb3 Be6 14.Be3 c5 15.Nd5 Bxd5 16.exd5 Rae8
17.Kg2 Qc7 18.a4 h6 19.Qc2 g5 20.Nd2 Qd7 21.Be2 Re7 22.Nf3 Rfe8 23.Bd2 Nxf3
24.Bxf3 b6 25.Bc3 Rxe1 26.Rxe1 Rxe1 27.Bxe1 Qe8 28.Bd2 Nd7 29.b3 Qe5 30.Bg4 Nf8
31.Bf5 a5 32.Be3 Qe7 33.Qe4 Qxe4+ 34.Bxe4 Nd7 35.Bf5 Ne5 36.f4 gxf4 37.Bxf4 Bf8
38.Bxe5 dxe5 39.Kf3 Bd6 40.h4 Kg7 41.Be4 Kf6 42.Kg4 Bf8 43.Kh5 Kg7 44.Kg4 Kf6
45.Kh5 Kg7 46.Kg4  1/2-1/2

[Event "Lenk Open"]
[Site "Lenk SUI"]
[Date "2011.04.22"]
[Round "2"]
[White "Gerber,R"]
[Black "Mauron,P"]
[Result "1-0"]
[WhiteElo "2393"]
[BlackElo "2115"]

1.d4 Nf6 2.c4 g6 3.g3 Bg7 4.Bg2 O-O 5.Nf3 d6 6.O-O Nbd7 7.Qc2 e5 8.Rd1 Re8
9.Nc3 c6 10.e4 Qc7 11.h3 a5 12.Be3 exd4 13.Nxd4 Nc5 14.Ndb5 cxb5 15.Nxb5 Qe7
16.Nxd6 Ncxe4 17.Nxe8 Qxe8 18.Re1 Nd6 19.Bc5 Qf8 20.Rad1 Nfe8 21.Qd2 Nxc4
22.Bxf8 Nxd2  1-0

[Event "Branko Vukmanovic Mem Open"]
[Site "Tivat MNE"]
[Date "2011.04.22"]
[Round "7.1"]
[White "Blagojevic,Dr"]
[Black "Damljanovic,B"]
[Result "1/2-1/2"]
[WhiteElo "2524"]
[BlackElo "2555"]

1.d4 Nf6 2.c4 g6 3.Nf3 Bg7 4.g3 O-O 5.Bg2 d6 6.O-O c6 7.Nc3 Qb6 8.c5 dxc5
9.Na4 Qb5 10.Nxc5 Na6 11.a4 Qb6 12.a5 Qb5 13.Nxa6 Qxa6 14.Re1 Rd8 15.e4 c5
16.e5 Ne8 17.Qa4 c4 18.Be3 Bd7 19.Qb4 e6 20.b3 cxb3 21.Nd2 Bc6 22.Bf1 b5
23.Nxb3 Bf8 24.Nc5 Qc8 25.Qc3  1/2-1/2

[Event "Dhamso Open"]
[Site "Ambalangoda SRI"]
[Date "2011.04.23"]
[Round "6"]
[White "Saranga,N"]
[Black "Kodikara,Vk"]
[Result "1-0"]
[WhiteElo "1937"]
[BlackElo "1806"]

1.c4 Nf6 2.Nf3 g6 3.g3 Bg7 4.Bg2 d6 5.d4 O-O 6.O-O Nbd7 7.Nc3 c5 8.b3 cxd4
9.Nxd4 a6 10.Bb2 Qc7 11.Qd2 Ne5 12.e4 Nc6 13.Nc2 Rd8 14.Ne3 e6 15.Rac1 b6
16.Ncd5 exd5 17.cxd5 Qe7 18.Bxf6 Qxf6 19.dxc6 Qd4 20.Rfd1 Qxd2 21.Rxd2 Be6
22.c7 Rdc8 23.e5 d5 24.Nxd5 Bxd5 25.Bxd5 Ra7 26.Bb7 Rxc7 27.Rxc7 Bxe5 28.Rcd7 a5
29.Bc6  1-0

[Event "ch-DEN"]
[Site "Odense DEN"]
[Date "2011.04.24"]
[Round "9"]
[White "Schandorff,L"]
[Black "Bekker Jensen,S"]
[Result "1/2-1/2"]
[WhiteElo "2488"]
[BlackElo "2397"]

1.d4 Nf6 2.c4 g6 3.Nf3 Bg7 4.g3 O-O 5.Bg2 d6 6.O-O c6 7.Nc3 Na6 8.Bf4 Nh5
9.Bg5 h6 10.Be3 e5 11.dxe5 dxe5 12.Qxd8 Rxd8 13.Rad1 Be6 14.Nd2 f5 15.Nb3 e4
16.Na5 Rxd1 17.Rxd1 Nb4 18.Nxb7 Bxc4 19.Na5 Bd5 20.Rc1 Nxa2 21.Nxa2 Bxa2
22.Nxc6 Nf6 23.Bxa7 Nd5 24.f3 Nb4 25.Nxb4 Rxa7 26.fxe4 Bxb2 27.Rd1 fxe4 28.Bxe4 Bf7
29.Bd5 Bxd5 30.Nxd5 h5 31.Nf4 Kf7 32.Rd5 Re7 33.Kf2 Be5 34.Nd3 Bc7 35.Kf3 h4
36.Rg5 hxg3 37.hxg3 Kf6 38.Rg4 Be5 39.Re4 Bd6 40.Rxe7 Bxe7 41.Nf2 Kg5 42.Nh3+ Kf6
43.Ke4 Bd6 44.g4 Ke6 45.Ng5+ Kf6 46.Kd5 Bf4 47.Ne4+ Ke7 48.Nc5 Be3 49.Ne4 Bf4
50.Nc3 Kf6 51.Ke4 Bb8 52.Nd5+ Kg5 53.Kf3 Be5 54.Nb6 Bc7 55.Nd7 Bd6 56.e4 Ba3
57.Ne5 Kf6 58.Nc4 Bf8 59.Nb2 Bd6 60.Nd3 Bc7 61.Nf4 Bd6 62.Ne2 Ke5 63.Nc3 Kf6
64.Nd5+ Ke5 65.Nf4 Kf6 66.Nh3 Ke5 67.Nf2 Kf6 68.Nd3 Bc7 69.Ne1 Bd6 70.Nc2 Bc7
71.Nd4 Ke5 72.Nb3 Bb6 73.Nd2 Bc7 74.Nc4+ Kd4 75.Ne3 Ke5 76.Nd5 Bd6 77.Nc3 Kf6
78.Nb5 Be5 79.Na7 Bb8 80.Nc6 Bc7 81.Ke3 Kg5 82.Kf3 Kf6 83.Nd4 Ke5 84.Ne2 Bd6
85.Ng1 Kf6 86.Nh3 Ke5 87.Ke3 Bc5+ 88.Kf3  1/2-1/2

[Event "ch-RUS Rapid Women"]
[Site "Olginka RUS"]
[Date "2011.04.25"]
[Round "2"]
[White "Shaidullina,S"]
[Black "Kashlinskaya,A"]
[Result "1/2-1/2"]
[WhiteElo "2178"]
[BlackElo "2320"]

1.d4 Nf6 2.c4 g6 3.Nf3 Bg7 4.g3 O-O 5.Bg2 d6 6.O-O Nbd7 7.Nc3 e5 8.b3 c6
9.e4 Re8 10.h3 a5 11.Be3 exd4 12.Nxd4 Nc5 13.Qc2 Qe7 14.Rfe1 Qc7 15.Rad1 Bd7
16.f4 Rad8 17.Bf2 Bc8 18.g4 Ne6 19.Nde2 b5 20.g5 Nh5 21.cxb5 Nexf4 22.Nd5 Nxd5
23.exd5 c5 24.Nd4 Nf4 25.Nc6 Bf5 26.Qd2 Nxg2 27.Kxg2 Ra8 28.b6 Qxb6 29.Ne7+ Kh8
30.Qf4 Qb4 31.Qxf5 a4 32.Qxf7 Rf8  1/2-1/2

[Event "Oberhausen Easter Open"]
[Site "Oberhausen GER"]
[Date "2011.04.26"]
[Round "7.4"]
[White "Schroeder,Wi"]
[Black "Podzielny,KH"]
[Result "0-1"]
[WhiteElo "2145"]
[BlackElo "2455"]

1.Nf3 Nf6 2.d4 g6 3.c4 Bg7 4.g3 O-O 5.Bg2 d6 6.O-O c6 7.Nc3 Qa5 8.e4 Bg4
9.h3 Bxf3 10.Bxf3 Nfd7 11.Be3 Qb4 12.Qb3 a5 13.Be2 Rc8 14.Qc2 a4 15.Rac1 a3
16.b3 Na6 17.Qd2 Nf6 18.Bf3 Nc7 19.Rfd1 Ne6 20.Na4 Qxd2 21.Rxd2 Nd7 22.c5 h5
23.Rcd1 Ra5 24.cxd6 exd6 25.Rc2 Raa8 26.Bg2 Kh7 27.f4 Bh6 28.h4 b5 29.Nc3 Nf6
30.Bf3 Rab8 31.Rdc1 Re8 32.e5 Nd8 33.Bf2 b4 34.exf6 bxc3 35.Rxc3 d5 36.Re1 Rxe1+
37.Bxe1 Bf8 38.Rc2 Bb4 39.Bf2 Bd6 40.Bg2 Rb6 41.Bh3 Kg8 42.Kg2 Bf8 43.Be3 Nb7
44.f5 Kh7 45.Bf4 c5 46.dxc5 Bxc5 47.fxg6+ Kxg6 48.Bc8 Bb4 49.Bxb7 Rxb7 50.Be5 Kf5
51.Bc3 Bxc3 52.Rxc3 Ke4 53.Kf2 d4 54.Rc4 Kd3 55.Rc6 Rb5 56.Ra6 Kc2 57.Rc6+ Kb2
58.Rc4 Rd5 59.Ke2 d3+ 60.Kd2 Kxa2  0-1

[Event "Thessaloniki Open A"]
[Site "Thessaloniki GRE"]
[Date "2011.04.30"]
[Round "8.1"]
[White "Bagaturov,G"]
[Black "Pavlidis,Ana"]
[Result "1/2-1/2"]
[WhiteElo "2450"]
[BlackElo "2321"]

1.d4 Nf6 2.c4 g6 3.Nf3 Bg7 4.g3 O-O 5.Bg2 d6 6.O-O Nbd7 7.Nc3 e5 8.e4 c6
9.b3 a6 10.d5 Nc5 11.Ne1 cxd5 12.cxd5 Ne8 13.Be3 f5 14.Bxc5 dxc5 15.Nd3 b6
16.Re1 Nd6 17.Rc1 Re8 18.f3 Ra7 19.a4 Rc7 20.a5 b5 21.b4  1/2-1/2

[Event "TCh-HUN 2010-11"]
[Site "Kazincbarcika HUN"]
[Date "2011.05.01"]
[Round "10"]
[White "Nagy,Danie"]
[Black "Hando,V"]
[Result "1/2-1/2"]
[WhiteElo "2309"]
[BlackElo "2308"]

1.d4 Nf6 2.Nf3 g6 3.c4 Bg7 4.g3 O-O 5.Bg2 d6 6.Nc3 Nc6 7.d5 Na5 8.Nd2 c5
9.O-O Rb8 10.Qc2 a6 11.Rb1 b5 12.cxb5 axb5 13.b4 cxb4 14.Rxb4 Ba6 15.Qb1 Qc7
16.Nxb5 Qc5 17.a4 Nxd5 18.Bxd5 Qxd5 19.Nc7 Rxb4 20.Qxb4 Qc6 21.Qxa5 Bb7 22.Nf3 Bc3
23.Nd5 Bxa5 24.Nxe7+ Kg7 25.Nxc6 Bxc6 26.Bb2+ f6 27.Nd4 Bd7 28.Nb5 Bb4 29.Ra1 Ra8
30.Bc3 Bc5 31.Nc7 Rxa4 32.Rxa4 Bxa4 33.Nd5 Kf7 34.Nxf6 h6 35.Ne4 Ba3 36.e3 Bc6
37.Nd2 Ke6 38.Nb3 Bc5 39.Bd4 Bd5 40.Nxc5+ dxc5 41.Bxc5 Bf3 42.h3 h5 43.g4 hxg4
44.hxg4 Bxg4 45.Kg2 Kd5  1/2-1/2

[Event "NK Jeugd A"]
[Site "Haarlem NED"]
[Date "2011.05.05"]
[Round "6"]
[White "Nicolai,Am"]
[Black "Brookes,C"]
[Result "1/2-1/2"]
[WhiteElo "1931"]
[BlackElo "2048"]

1.d4 Nf6 2.c4 g6 3.Nf3 Bg7 4.g3 O-O 5.Bg2 d6 6.O-O c5 7.d5 Na6 8.Nc3 Bd7
9.e4 Rb8 10.Qe2 Nc7 11.a4 b6 12.Re1 a6 13.e5 Nfe8 14.exd6 exd6 15.Bg5 Bf6
16.Bh6 Bg7 17.Bg5 Nf6 18.Qe7 Bf5 19.Qxd8 Rfxd8 20.Re7 Rd7 21.Rae1 h6 22.Bxf6 Bxf6
23.Rxd7 Bxd7 24.Ne4 Bxb2 25.Nxd6 Kf8 26.Rb1 Bg7 27.Ne4 Re8 28.Nd6 Rb8 29.Ne4 Re8
30.Nd6  1/2-1/2

[Event "29th Metz Open A"]
[Site "Longeville-les-Metz FRA"]
[Date "2011.05.05"]
[Round "5.7"]
[White "Maiorov,N1"]
[Black "Aguettaz,M"]
[Result "1/2-1/2"]
[WhiteElo "2528"]
[BlackElo "2417"]

1.d4 Nf6 2.c4 g6 3.Nf3 Bg7 4.g3 O-O 5.Bg2 d6 6.O-O Nc6 7.Nc3 a6 8.d5 Na5
9.b3 c5 10.dxc6 bxc6 11.Bb2 Rb8 12.Qd2 c5 13.Rac1 Bb7 14.Ba1 Qc7 15.Nd5 Nxd5
16.Bxg7 Kxg7 17.cxd5 Qb6 18.e4 f6 19.Ne1 Bc8 20.Nc2 Bd7 21.Kh1 c4 22.b4 Nb7
23.Ne3 a5 24.a3 axb4 25.axb4 Nd8 26.Rb1 Bb5 27.Rfc1 Nf7 28.f4 Rfc8 29.Rc3 Ra8
30.Bf1 Ra4 31.Bxc4 Bxc4 32.Rxc4 Rxc4 33.Nxc4 Qb5 34.Qc3 Ra2 35.Qb3 Re2 36.Qd3 Ra2
37.Rb3 Nh6 38.h3 Qd7 39.Qf1 Qa4 40.Rb2 Rxb2 41.Nxb2 Qxb4 42.Nc4 Qc3 43.Kg2 f5  1/2-1/2

[Event "29th Metz Open A"]
[Site "Longeville-les-Metz FRA"]
[Date "2011.05.05"]
[Round "6.11"]
[White "Donchenko,Alexa"]
[Black "Gladyszev,O"]
[Result "0-1"]
[WhiteElo "2239"]
[BlackElo "2472"]

1.d4 Nf6 2.Nf3 g6 3.c4 Bg7 4.g3 O-O 5.Bg2 d6 6.O-O c6 7.Nc3 Nbd7 8.e4 e5
9.h3 Qb6 10.Re1 exd4 11.Nxd4 Ne8 12.Nce2 a5 13.Rb1 Ne5 14.Qb3 Qb4 15.Qxb4 axb4
16.Nc2 Rxa2 17.Nxb4 Ra4 18.Bd2 Nxc4 19.Bc3 Bxc3 20.bxc3 Nc7 21.Ra1 Rxa1 22.Rxa1 Bd7
23.Nf4 Ra8 24.Rd1 Ne8 25.Bf1 Ne5 26.Nfd3 Nxd3 27.Nxd3 Be6 28.Rb1 Bc4 29.Kg2 Bxd3
30.Bxd3 Ra7 31.Kf3 Nf6 32.Ke3 Nd7 33.Be2 Kf8 34.f4 Ke7 35.h4 Nc5 36.h5 Ra3
37.hxg6 hxg6 38.Kd4 Ra4+ 39.Rb4 Ra2 40.Bc4 Rd2+ 41.Ke3 Rg2 42.e5 Rxg3+ 43.Kf2 Rxc3  0-1

[Event "TCh-POL Ekstraliga"]
[Site "Wroclaw POL"]
[Date "2011.05.06"]
[Round "1.3"]
[White "Ksieski,Z"]
[Black "Lagowski,P"]
[Result "1-0"]
[WhiteElo "2352"]
[BlackElo "2321"]

1.d4 g6 2.c4 Bg7 3.Nf3 d6 4.g3 Nf6 5.Bg2 O-O 6.O-O Nbd7 7.Nc3 a6 8.b3 e5
9.dxe5 dxe5 10.e4 h6 11.Qc2 c6 12.Ba3 Re8 13.Rfd1 Bf8 14.Bxf8 Kxf8 15.c5 Qe7
16.Na4 Kg7 17.Nd2 Nh7 18.Nc4 Ng5 19.Qc3 f6 20.f4 exf4 21.gxf4 Nf7 22.Nd6 Nxd6
23.cxd6 Qf7 24.Rac1 g5 25.Rf1 gxf4 26.Rxf4 Re5 27.h4 b5 28.Qxc6 Rb8 29.Nb2 Bb7
30.Qc2 Rc5 31.Qd2 Rxc1+ 32.Qxc1 Ne5 33.Bh3 Qg6+ 34.Kh2 Bc6 35.Bf5 Qh5 36.Qe3 Rd8
37.Nd3 Rxd6 38.Nxe5 fxe5 39.Rg4+ Kf8 40.Qc5 Ke7 41.Qxe5+  1-0

[Event "29th Metz Open A"]
[Site "Longeville-les-Metz FRA"]
[Date "2011.05.08"]
[Round "9.17"]
[White "Zienkiewicz,A"]
[Black "Frick,C"]
[Result "0-1"]
[WhiteElo "2069"]
[BlackElo "2190"]

1.d4 g6 2.c4 Bg7 3.Nf3 d6 4.g3 Nf6 5.Bg2 O-O 6.O-O Nc6 7.Nc3 Bd7 8.Qc2 Qc8
9.a3 Bh3 10.b4 Qg4 11.d5 Ne5 12.Nxe5 dxe5 13.e4 Nh5 14.f3 Qd7 15.Be3 Bxg2
16.Kxg2 f5 17.Rad1 Nf6 18.c5 h5 19.Qe2 h4 20.d6 exd6 21.cxd6 c6 22.exf5 gxf5
23.Qc4+ Qf7 24.Qxf7+ Kxf7 25.gxh4 Rfd8 26.Bg5 Ke6 27.Na4 b6 28.Nb2 Rxd6 29.Rxd6+ Kxd6
30.Nc4+ Kd5 31.Ne3+ Ke6 32.Rc1 Rc8 33.Kf2 c5 34.Ke2 Nd5 35.Nxd5 Kxd5 36.Rd1+ Ke6
37.bxc5 bxc5 38.h5 Rh8 39.Rc1 Rxh5 40.h4 Bf8 41.Rc4 Rh7 42.Ra4 Kd5 43.Kd3 Bd6
44.Bf6 Rb7 45.Ra6 c4+ 46.Kc2 Bc5 47.Ra5 e4 48.fxe4+ fxe4 49.Bg5 Kc6 50.Ra6+ Bb6
51.Ra4 Kd5 52.Rb4 Rf7 53.Kd2  0-1

[Event "ch-UKR semi-final"]
[Site "Alushta UKR"]
[Date "2011.05.09"]
[Round "7.8"]
[White "Baryshpolets,A"]
[Black "Onischuk,V"]
[Result "1/2-1/2"]
[WhiteElo "2467"]
[BlackElo "2498"]

1.d4 Nf6 2.c4 g6 3.Nf3 Bg7 4.g3 O-O 5.Bg2 d6 6.O-O c6 7.Nc3 a6 8.e4 Bg4 9.h3 Bxf3
10.Bxf3 Nfd7 11.Be3 c5 12.d5 b5 13.Be2 b4 14.Na4 Nb6 15.Nxb6 Qxb6 16.Qd2 Re8
17.h4 Nd7 18.h5 e6 19.hxg6 hxg6 20.Kg2 exd5 21.exd5 Qd8 22.Rh1 Qe7 23.Rh4 Bf6
24.Rg4 Ne5 25.Re4 Bg7 26.Rh1 f5 27.Bg5 Qf8 28.Re3 Ra7 29.Re1 Bh6 30.Rxe5 Bxg5
31.Rxe8 Bxd2 32.Rxf8+ Kxf8 33.Rh1 Kg7 34.Bd1 Re7 35.Bc2 Bg5 36.Bd3 Bf6 37.b3 Bd4
38.Kf3 a5 39.Kg2 Kf6 40.Kf1 Bc3 41.Be2 Kg7 42.Bd3 Re5 43.Kg2 Bd2 44.Rd1 Bc3
45.Rh1 Bd4 46.Kf1 Re7 47.Be2 Bf6 48.Bd3 Bg5 49.Kg2 Bd2 50.Kf3 Re5 51.Kg2 g5
52.g4 Re1  1/2-1/2

[Event "ch-Euro Indiv Women"]
[Site "Tbilisi GEO"]
[Date "2011.05.10"]
[Round "4"]
[White "Mamedjarova,Z"]
[Black "Khalafova,N"]
[Result "1-0"]
[WhiteElo "2342"]
[BlackElo "2065"]

1.d4 d6 2.c4 g6 3.Nf3 Bg7 4.g3 Nf6 5.Bg2 O-O 6.O-O Nc6 7.d5 Na5 8.Nfd2 c5
9.Nc3 a6 10.Qc2 Rb8 11.b3 b5 12.Bb2 e5 13.dxe6 fxe6 14.Nd1 Bb7 15.Bh3 Qe7
16.f4 Nc6 17.Nf3 Nb4 18.Qc1 Rbe8 19.Nf2 Qc7 20.Ng5 Bc8 21.e4 h6 22.e5 hxg5
23.exf6 Rxf6 24.a3 Nc6 25.Ne4 Rff8 26.Nxg5 Bxb2 27.Qxb2 Nd4 28.Rae1 Qg7 29.Qb1 Kh8
30.Bg2 Rg8 31.Qd1 Rgf8 32.Re3 Nf5 33.Rd3 Nd4 34.Re1 Kg8 35.Qd2 Rf5 36.Rde3 bxc4
37.bxc4 Rxg5 38.fxg5 Rf8 39.Re4 e5 40.Rh4 Bb7 41.Rb1 e4 42.Rf4 Re8 43.Re1 Re5
44.Rf6 Nf5 45.Qf4 Kh8 46.g4 Ne7 47.Rf7  1-0

[Event "TCh-UKR Clubs 2011"]
[Site "Alushta UKR"]
[Date "2011.05.13"]
[Round "1.4"]
[White "Plaksin,V"]
[Black "Onischuk,V"]
[Result "1/2-1/2"]
[WhiteElo "2190"]
[BlackElo "2498"]

1.d4 Nf6 2.c4 g6 3.Nf3 Bg7 4.g3 O-O 5.Bg2 d6 6.O-O c6 7.Nc3 a6 8.b3 b5 9.Bb2 bxc4
10.bxc4 Nbd7 11.Nd2 Rb8 12.Rb1 c5 13.d5 Nb6 14.e4 e6 15.Ba1 exd5 16.Nxd5 Nfxd5
17.cxd5 Bxa1 18.Rxa1 Qf6 19.Re1 Re8 20.Rb1 Qd4 21.Qc2 Bd7 22.Nb3 Qf6 23.Na5 Nxd5
24.Rxb8 Rxb8 25.e5 Nb4 26.Qd2 Qd8 27.Nb7 Qf8 28.exd6 Qc8 29.Na5 c4 30.Qc3 Nd3
31.Rf1 Qc5 32.Qxc4 Qxd6 33.Nb7 Qf8 34.Qxd3 Bb5 35.Qd5 Bxf1 36.Bxf1 Rc8 37.Bxa6 Rc2
38.Bc4 Qe7 39.Kg2 Rxc4 40.Qxc4 Qxb7+ 41.Kg1 Qb1+  1/2-1/2

[Event "ch-Euro Indiv Women"]
[Site "Tbilisi GEO"]
[Date "2011.05.15"]
[Round "8"]
[White "Mamedjarova,Z"]
[Black "Ibrahimova,S"]
[Result "0-1"]
[WhiteElo "2342"]
[BlackElo "2078"]

1.d4 Nf6 2.c4 g6 3.Nf3 Bg7 4.g3 O-O 5.Bg2 d6 6.O-O Nc6 7.d5 Na5 8.Nfd2 c5
9.Nc3 a6 10.Qc2 Rb8 11.b3 b5 12.Bb2 bxc4 13.bxc4 Bh6 14.f4 Bg7 15.Rab1 Bd7
16.e4 Qc7 17.Nd1 Rb4 18.Ne3 Rfb8 19.Bc3 Rxb1 20.Rxb1 Rxb1+ 21.Nxb1 Ng4 22.Nxg4 Bxg4
23.Bxg7 Kxg7 24.f5 Qb6 25.Bf1 gxf5 26.exf5 Bh5 27.Qe4 Kf8 28.Nd2 Qb2 29.Qf4 Qd4+
30.Qxd4 cxd4 31.Kf2 Bg4 32.Bd3 Nb7 33.Nb3 Nc5 34.Nxc5 dxc5  0-1

[Event "TCh-UKR Clubs 2011"]
[Site "Alushta UKR"]
[Date "2011.05.16"]
[Round "4.3"]
[White "Kusnetsov,Sergey"]
[Black "Savchenko,B"]
[Result "0-1"]
[WhiteElo "2305"]
[BlackElo "2630"]

1.c4 g6 2.Nf3 Bg7 3.d4 Nf6 4.g3 O-O 5.Bg2 d6 6.O-O Nc6 7.d5 Na5 8.Nbd2 c5
9.e4 Rb8 10.Qc2 b5 11.cxb5 Rxb5 12.Rb1 c4 13.Nd4 Rc5 14.Ne2 e6 15.Nc3 exd5
16.exd5 Bf5 17.Nde4 Nxd5 18.Nxd5 Rxd5 19.g4 Bxe4 20.Bxe4 Rb5 21.b4 d5 22.Rd1 Nc6
23.a4 Rxb4 24.Bxd5 Qh4 25.Bf4 Qxg4+ 26.Bg3 Nd4 27.Qa2 Rxb1 28.Rxb1 Ne2+  0-1

[Event "ch-Euro Indiv Women"]
[Site "Tbilisi GEO"]
[Date "2011.05.16"]
[Round "9"]
[White "Ozturk,Ku"]
[Black "Szczepkowska Horowska,K"]
[Result "1-0"]
[WhiteElo "2262"]
[BlackElo "2336"]

1.d4 g6 2.c4 Bg7 3.Nf3 Nf6 4.g3 d6 5.Bg2 O-O 6.O-O Nbd7 7.Nc3 e5 8.e4 c6
9.h3 Re8 10.Re1 exd4 11.Nxd4 Qb6 12.Nb3 Ne5 13.Be3 Qc7 14.c5 dxc5 15.Bxc5 Rd8
16.Qc2 Nd3 17.Red1 Nxc5 18.Nxc5 Re8 19.Nd3 Qe7 20.Re1 Nd7 21.Rad1 Nb6 22.Kh2 h5
23.f4 Bd7 24.e5 Bf5 25.Ne4 Red8 26.Nd6 Rxd6 27.exd6 Qxd6 28.Qc5 Qf6 29.Ne5 h4
30.g4 Be6 31.Qf2 g5 32.Nd3 Bxa2 33.fxg5 Qxg5 34.Qf5 Qxf5 35.gxf5 Bb3 36.Rc1 Bh6
37.Rc3 Bc4 38.Re4 Bb5 39.Ne5 Bg7 40.Rc1 Rd8 41.b3 Nd5 42.Nf3 Bd3 43.Rxh4 Bxf5
44.Ra4 a6 45.h4 Nf6 46.Rb4 Ng4+ 47.Kg3 Ne3 48.Rxb7 Nxg2 49.Kxg2 Be4 50.Re1 Bd5
51.Kg3 Bf8 52.Ne5 Bd6 53.Kg4 Re8 54.Kf5 Kh7 55.Re3 Be6+ 56.Kf6 Rg8 57.h5 Bd5
58.Nxf7 Rf8 59.Re8 Kg8 60.Rxf8+ Bxf8 61.Ne5  1-0

[Event "TCh-UKR Clubs 2011"]
[Site "Alushta UKR"]
[Date "2011.05.20"]
[Round "8.3"]
[White "Plaksin,V"]
[Black "Derevianchenko,I"]
[Result "0-1"]
[WhiteElo "2190"]
[BlackElo "2232"]

1.d4 Nf6 2.c4 g6 3.Nf3 Bg7 4.g3 O-O 5.Bg2 d6 6.O-O Nc6 7.d5 Na5 8.Nfd2 c5
9.Nc3 a6 10.Qc2 Rb8 11.b3 b5 12.Bb2 Ng4 13.Nd1 e5 14.dxe6 Bxe6 15.Bxg7 Kxg7
16.h3 Ne5 17.Ne3 f5 18.Nd5 bxc4 19.bxc4 Bxd5 20.Bxd5 Nac6 21.Nf3 Nxf3+ 22.Bxf3 Nd4
23.Qc3 Qf6 24.Kg2 f4 25.Rab1 fxg3 26.fxg3 Qe5 27.Rxb8 Rxb8 28.Qd3 Rb2 29.Rf2 Rxa2
30.Be4 Rb2 31.e3 Nf5 32.Rxb2 Qxb2+ 33.Kf3 Qe5 34.g4 Nh4+ 35.Ke2 a5 36.Bd5 a4
37.Qa3 Qh2+ 38.Kd3 Qxh3 39.Qa1+ Kh6 40.Be6 Qf3 41.Bd7 Ng2 42.Qxa4 Qxe3+ 43.Kc2 Ne1+
44.Kb1 Nd3 45.Qd1 Qe1 46.Qxe1 Nxe1 47.Kc1 Kg5 48.Kd2 Nf3+ 49.Ke3 Ne5 50.Be6 Nxg4+
51.Ke4 Nf6+  0-1

[Event "20th Croatian Cup"]
[Site "Sibenik CRO"]
[Date "2011.05.21"]
[Round "5.14"]
[White "Kuljasevic,D"]
[Black "Vukelic,T"]
[Result "1-0"]
[WhiteElo "2537"]
[BlackElo "2230"]

1.d4 Nf6 2.c4 g6 3.Nf3 Bg7 4.g3 O-O 5.Bg2 d6 6.O-O Nc6 7.Nc3 Bf5 8.d5 Na5
9.Nd4 Bd7 10.Qd3 c5 11.Nc2 a6 12.Rb1 b5 13.b3 Rb8 14.Bd2 Qc7 15.h3 Rb7 16.Ne3 Rfb8
17.Rfc1 Qd8 18.Ncd1 Ne8 19.Be1 Ra7 20.Qd2 Nb7 21.Nc2 b4 22.a3 bxa3 23.Nxa3 Nc7
24.Nb2 Qc8 25.Kh2 Nd8 26.Nd3 a5 27.Qd1 Qa6 28.Qd2 Qc8 29.Qe3 Bf8 30.Qf3 Bg7
31.e4 e5 32.Bc3 f6 33.Qe2 Nf7 34.Rb2 Ng5 35.h4 Nf7 36.Ra1 Rba8 37.Nb1 Bh6
38.Rba2 a4 39.Qd1 Qe8 40.Bh3 f5 41.exf5 gxf5 42.Qh5 Qc8 43.bxa4 Ne8 44.a5 Qa6
45.Na3 Rb7 46.Qd1 Rab8 47.Rb2 e4 48.Rxb7 Rxb7 49.Nf4 Ne5 50.Ne6 Nf6 51.Bxe5 dxe5
52.Nxc5 Qa7 53.Nxb7 Qxf2+ 54.Kh1 e3 55.Qg1 Qb2 56.Nc5  1-0

[Event "63rd ch-MNE"]
[Site "Tivat MNE"]
[Date "2011.05.21"]
[Round "1.4"]
[White "Drasko,M"]
[Black "Popadic,Dr"]
[Result "1-0"]
[WhiteElo "2474"]
[BlackElo "2241"]

1.d4 Nf6 2.c4 g6 3.Nf3 Bg7 4.g3 O-O 5.Bg2 d6 6.O-O Nbd7 7.Qc2 e5 8.Rd1 Re8
9.e4 exd4 10.Nxd4 a6 11.h3 Rb8 12.Nc3 c5 13.Nf3 b5 14.Bf4 b4 15.Bxd6 bxc3
16.Bxb8 cxb2 17.Qxb2 Nxe4 18.Be5 f6 19.Qc2 Bb7 20.Bb2 Qc7 21.Re1 f5 22.Bxg7 Kxg7
23.Nd2 Ndf6 24.Qb2 Bc6 25.Nxe4 fxe4 26.Rab1 e3 27.Bxc6 exf2+ 28.Kxf2 Rxe1
29.Kxe1 Qxg3+ 30.Qf2 Qc3+ 31.Qd2  1-0

[Event "ch-Siberia Men"]
[Site "Barnaul RUS"]
[Date "2011.05.22"]
[Round "3"]
[White "Glukhov,M"]
[Black "Smirnov,P"]
[Result "0-1"]
[WhiteElo "2151"]
[BlackElo "2566"]

1.d4 Nf6 2.Nf3 g6 3.c4 Bg7 4.g3 O-O 5.Bg2 d6 6.O-O c6 7.Re1 Nbd7 8.Nc3 e5
9.e4 exd4 10.Nxd4 Ng4 11.Nxc6 bxc6 12.Qxg4 Ne5 13.Qd1 Be6 14.c5 dxc5 15.Qxd8 Rfxd8
16.Bg5 Rdb8 17.Re2 Nd3 18.e5 Rxb2 19.Rxb2 Nxb2 20.Bxc6 Rc8 21.Nd5 Bf8 22.Nf6+ Kg7
23.Bd5 c4 24.Bxe6 fxe6 25.Ng4 c3 26.Rc1 h5 27.Ne3 Nd3 28.Bf6+ Kg8 29.Rd1 Bc5
30.Nc2 Nxf2 31.Rd7 Ng4+ 32.Kf1 Ne3+ 33.Nxe3 Bxe3 34.Rg7+ Kf8 35.Rh7 Rc4 36.Rd7 g5
37.g4 hxg4  0-1

[Event "XXX Zalakaros Open"]
[Site "Zalakaros HUN"]
[Date "2011.05.22"]
[Round "3"]
[White "Csonka,B"]
[Black "Konnyu,J"]
[Result "1/2-1/2"]
[WhiteElo "2232"]
[BlackElo "2384"]

1.d4 Nf6 2.c4 g6 3.g3 Bg7 4.Bg2 d6 5.Nf3 O-O 6.Nc3 Nbd7 7.O-O e5 8.e4 c6
9.h3 exd4 10.Nxd4 Qb6 11.Re1 Ne8 12.Nb3 a5 13.Be3 Qc7 14.Nd4 Nc5 15.Qc2 a4
16.Rad1 Qa5 17.f4 Be6 18.Bf1 Nf6 19.Kh2 Rfd8 20.g4 d5 21.cxd5 cxd5 22.f5 Bc8
23.exd5 Nxd5 24.Nxd5 Rxd5 25.Bg2 Rd8 26.Nc6 bxc6 27.Qxc5 Qc7+  1/2-1/2

[Event "ch-Siberia Men"]
[Site "Barnaul RUS"]
[Date "2011.05.23"]
[Round "4"]
[White "Glukhov,M"]
[Black "Nevostrujev,V"]
[Result "0-1"]
[WhiteElo "2151"]
[BlackElo "2474"]

1.d4 Nf6 2.c4 g6 3.Nf3 Bg7 4.g3 O-O 5.Bg2 d6 6.O-O Nbd7 7.Qc2 e5 8.Nc3 Re8
9.e3 exd4 10.Nxd4 Nb6 11.Nd5 Nfxd5 12.cxd5 Bxd4 13.exd4 Bf5 14.Qb3 Be4 15.Bxe4 Rxe4
16.Be3 Qd7 17.Rfc1 f6 18.Rc3 Qf7 19.Rac1 Re7 20.a4 Rb8  0-1

[Event "63rd ch-MNE"]
[Site "Tivat MNE"]
[Date "2011.05.23"]
[Round "3.3"]
[White "Drasko,M"]
[Black "Kontic,D"]
[Result "1-0"]
[WhiteElo "2474"]
[BlackElo "2313"]

1.d4 g6 2.g3 Bg7 3.Bg2 Nf6 4.c4 O-O 5.Nf3 d6 6.O-O c6 7.Nc3 Qa5 8.e4 Bg4
9.h3 Bxf3 10.Bxf3 Nfd7 11.Be3 c5 12.e5 Nc6 13.Bxc6 bxc6 14.exd6 cxd4 15.dxe7 dxc3
16.exf8=Q+ Nxf8 17.bxc3 Ne6 18.Qf3 Rc8 19.Rfd1 Qxc3 20.Rac1 Qa3 21.Rd7 Rf8
22.Rxa7 Nd4 23.Qxf7+ Rxf7 24.Rxa3 Ne2+ 25.Kg2 Nxc1 26.Ra8+ Rf8 27.Rxf8+ Kxf8
28.Bxc1 Ke7 29.Kf3 Kd6 30.Ba3+ c5 31.Ke4 Bd4 32.f4 Kc6 33.Bc1 Bc3 34.g4 Kb6
35.Kd5 Bd4 36.Bd2 Kc7 37.a4 Kd7 38.a5 Kc7 39.f5 Kd7  1-0